[Event "35th European Club Cup 2019"]
[Site "Ulcinj"]
[Date "2019.11.14"]
[Round "5.33"]
[White "Brunner, Lucas"]
[Black "Shankland, Sam"]
[Result "0-1"]
[WhiteElo "2441"]
[BlackElo "2679"]
[Annotator "RC"]
[PlyCount "66"]
[EventDate "2019.11.10"]
[EventType "team-tourn"]
[EventCountry "MNE"]
[SourceTitle "playchess.com"]
[Source "ChessBase"]
[SourceQuality "1"]
[WhiteTeam "Zurich SG"]
[BlackTeam "Alkaloid"]
[TimeControl "40/5400+30:1800+30"]

1. Nf3 {[%emt 0:00:00]} d5 {[%emt 0:00:00]} 2. d4 {[%emt 0:00:05]} Nf6 {[%emt 0:00:00]} 3. c4 {[%emt 0:00:18]} e6 {[%emt 0:00:00]} 4. Nc3 {[%emt 0:00:47]} c6 {[%emt 0:00:00]} 5. e3 {[%emt 0:01:16]} Nbd7 {[%emt 0:00:00]} 6. Qc2 {[%emt 0:00:24]} Bd6 {[%emt 0:00:08]} 7. b3 {[%emt 0:00:11]} O-O {[%emt 0:00:05]} 8. Be2 {[%emt 0:00:39]} b6 {[%emt 0:00:07]} 9. O-O {[%emt 0:00:15]} Bb7 {[%emt 0:00:20]} 10. Bb2 {[%emt 0:01:17]} Qe7 {[%emt 0:00:05]} 11. Rad1 {[%emt 0:07:10]} Rad8 {[%emt 0:00:06]} 12. Rfe1 {[%emt 0:04:31]} Rfe8 {[%emt 0:00:06]} 13. e4 {[%emt 0:05:29]} dxe4 {[%emt 0:01:46]} 14. Nxe4 {[%emt 0:02:42]} Nxe4 {[%emt 0:00:06]} 15. Qxe4 {[%emt 0:00:08]} Bb4 {[%emt 0:01:06]} 16. Rf1 {[%emt 0:00:50]} Nf6 {[%emt 0:00:34]} 17. Qe3 {[%emt 0:03:38]} c5 {[%emt 0:02:25]} 18. dxc5 {[%emt 0:09:28]} Bxc5 {[%emt 0:00:44]} 19. Qc3 {[%emt 0:01:08]} Rxd1 {[%emt 0:04:53]} 20. Bxd1 {[%emt 0:00:04]} Rd8 {[%emt 0:00:38]} 21. Be2 {[%emt 0:13:22]} h6 {[%emt 0:04:55]} 22. h3 {[%emt 0:05:52]} a5 {[%emt 0:02:03]} 23. Qe5 {[%emt 0:04:00]} Bxf3 {[%emt 0:06:11]} 24. Bxf3 {[%emt 0:00:11]} Rd2 {[%emt 0:00:15]} 25. g3 {[%emt 0:10:45]} Qd8 {[%emt 0:03:33]} 26. Kg2 {[%emt 0:00:49]} Qd3 {[%emt 0:04:47]} 27. Bc1 {[%emt 0:09:35]} Nd7 {[%emt 0:05:51]} 28. Qf4 {[%emt 0:14:29]} Rxa2 {[%emt 0:00:08]} 29. Bc6 {[%emt 0:01:40]} g5 {[%emt 0:10:29]} 30. Qf3 {[%emt 0:02:47]} Ne5 {[%emt 0:00:24]} 31. Qe4 {[%emt 0:00:25]} Re2 {[%emt 0:00:28]} 32. Qxd3 {[%emt 0:01:06]} Nxd3 {[%emt 0:00:05]} 33. Bf3 {[%emt 0:00:33]} Ne1+ {[%emt 0:00:07]} 0-1

[Event "35th European Club Cup 2019"]
[Site "Ulcinj"]
[Date "2019.11.14"]
[Round "5.34"]
[White "Inarkiev, Ernesto"]
[Black "Vogt, Lothar"]
[Result "1-0"]
[WhiteElo "2665"]
[BlackElo "2351"]
[Annotator "TA"]
[PlyCount "91"]
[EventDate "2019.11.10"]
[EventType "team-tourn"]
[EventCountry "MNE"]
[SourceTitle "playchess.com"]
[Source "ChessBase"]
[SourceQuality "1"]
[WhiteTeam "Alkaloid"]
[BlackTeam "Zurich SG"]

{[%evp 15,91,34,56,50,66,68,92,45,26,11,71,38,64,66,94,84,88,88,100,89,102,98,62,74,70,91,95,63,79,47,57,18,32,0,51,18,110,62,119,127,107,108,122,114,135,106,111,59,74,54,42,8,12,8,52,39,83,21,110,98,112,102,158,144,268,270,293,285,513,533,531,489,682,657,781,777,775,747]} 1. d4 Nf6 2. c4 g6 3. Nc3 Bg7 4. e4 d6 5. Nf3 O-O 6. Be2 Bg4 7. Be3 Nfd7 8. Qd2 c5 9. d5 $1 {E91: King's Indian: Classical: 6 Be2, unusual replies including 6...c5 and 6...Bg4} a6 (9... Na6 10. h3 Bxf3 11. gxf3 e5 12. dxe6 fxe6 13. Qxd6 Ne5 14. Qxd8 Raxd8 15. f4 Nb4 16. O-O Ned3 {½-½ (30) Sasikiran,K (2666)-Harikrishna,P (2609) Pune 2004}) 10. Bh6 Nf6 $146 ({Predecessor:} 10... Qa5 11. h4 Nf6 12. h5 Bxh5 13. Bxg7 Kxg7 14. Ng1 Bxe2 15. Qh6+ Kg8 16. Ngxe2 Rc8 {1-0 (33) Pazos Porta,A (2325)-Vogt,L (2420) Abu Dhabi 2017}) 11. h3 {White is better.} Bxf3 12. gxf3 Nbd7 (12... Bxh6 $11 13. Qxh6 e5) 13. h4 Bxh6 14. Qxh6 e5 15. dxe6 fxe6 16. O-O-O {Hoping for h5.} Ne5 {[#]} 17. h5 $1 {[%mdl 512] Threatens to win with hxg6.} Nf7 ({But not} 17... gxh5 $2 18. f4 $18) (17... Nxh5 $2 18. Rdg1 $18) (17... Nxh5 18. Rdg1) 18. Qe3 {aiming for hxg6.} g5 19. e5 Nxe5 20. Rhg1 Kh8 ({Wrong is} 20... h6 $2 21. f4 $18) 21. Rxg5 ({Much weaker is} 21. Qxg5 $6 Rg8 $11) 21... Qe7 22. f4 Nf7 23. Rg3 Rae8 24. Bd3 Nh6 (24... d5 $1 $11 25. cxd5 exd5) 25. Rg5 Nfg4 (25... Nf7 $11 {keeps the balance.} 26. Rgg1 d5) 26. Qg3 (26. Qd2 {with more complications.} Nf6 27. Bc2 Nf7 28. Rg3 e5 29. Re1) 26... Qf6 (26... Rg8 $14) 27. Rxg4 $16 Nxg4 28. Qxg4 Qxf4+ 29. Qxf4 Rxf4 30. Bc2 Rxc4 31. Rxd6 (31. Ne4 $16 Rd4 32. Nxd6 Rxd1+ 33. Bxd1) 31... Rd4 $14 32. Rb6 Rb4 $1 {[%cal Rb4b6]} 33. Rxb4 (33. Na4 {feels hotter.} Kg7 34. Kd2 Rxb6 35. Nxb6 Rd8+ 36. Ke3) 33... cxb4 34. Ne4 Kg7 35. Kd2 a5 36. Ke3 (36. f4 $16) 36... e5 (36... Rc8 $1 $11 37. Bb3 Rc6) 37. Nd6 $16 Rb8 38. Be4 b6 (38... b5 $142) 39. Nc4 Kh6 (39... Rc8 $16 40. Nxe5 Rc1) 40. Nxe5 $18 Rc8 41. f4 Rc1 $2 {[#]} (41... Kxh5 {was called for.} 42. Bxh7 Kh6) 42. f5 {White is clearly winning.} Kg5 43. Nd7 Rc7 44. Nxb6 Kxh5 45. Kf4 Kh6 46. f6 {Accuracy: White = 60%, Black = 31%.} 1-0

[Event "35th European Club Cup 2019"]
[Site "Ulcinj"]
[Date "2019.11.14"]
[Round "5.35"]
[White "Friedrich, Norbert"]
[Black "Kryvoruchko, Yuriy"]
[Result "0-1"]
[WhiteElo "2263"]
[BlackElo "2683"]
[Annotator "TA"]
[PlyCount "54"]
[EventDate "2019.11.10"]
[EventType "team-tourn"]
[EventCountry "MNE"]
[SourceTitle "playchess.com"]
[Source "ChessBase"]
[SourceQuality "1"]
[WhiteTeam "Zurich SG"]
[BlackTeam "Alkaloid"]

{[%evp 11,54,27,33,31,32,12,12,7,14,-22,-18,-11,-14,-18,0,-28,-17,0,-12,-3,0,-25,-32,-28,20,-41,-26,-140,-83,-550,-508,-29988,-29988,-29989,-29990,-29990,-29991,-29993,-29994,-29994,-29995,-29995,-29996,-29996,-29997]} 1. e4 c5 2. Nf3 Nc6 3. Bb5 e6 4. O-O Nge7 5. Re1 Ng6 6. c3 d5 7. Qa4 {B30: Sicilian: 2...Nc6 3 Bb5, lines without ...g6} Be7 8. exd5 Qxd5 9. d4 {Strongly threatening c4.The position is equal.} O-O 10. c4 Qh5 11. Bxc6 bxc6 12. dxc5 (12. Qxc6 Rb8 $15) 12... e5 $146 ({Predecessor:} 12... Qxc5 13. Nc3 Qb6 14. h4 c5 {½-½ (40) Kuzubov,Y (2578)-Moiseenko,A (2632) Polanica Zdroj 2008}) 13. Nbd2 Nf4 14. Rxe5 Qg6 {[%csl Gf4][%cal Rg6g2]} 15. g3 $1 Bf6 16. Re3 Bf5 17. Qxc6 Qg4 18. Qa4 (18. Ne4 $11 Be5 19. Nd6 Bxd6 20. cxd6 (20. Qxd6 Nh3+ {[%mdl 64] Discovered Attack} 21. Kf1 Rad8 $17)) 18... Rac8 $15 19. c6 (19. h4 $11 {keeps the balance.}) 19... h5 $40 {[%mdl 128] White is in trouble.} ({Black should play} 19... Rfe8 {Threatens to win with ...Ne2+.} 20. c7 (20. Qxa7 Ne2+ 21. Kh1 Nd4 $17) 20... Nh3+ 21. Kg2 (21. Kf1 Rxe3 22. fxe3 Bd3+ 23. Kg2 Ng5 $17) 21... Rxe3 22. fxe3 Ng5) 20. Ne5 $2 {[%mdl 8192]} ({Of course not} 20. Qxa7 $6 Rxc6 21. Re1 Nh3+ 22. Kg2 Nf4+ 23. Kg1 Nh3+ 24. Kg2 Rd8 $11) (20. Qd1 $17) 20... Bxe5 $19 21. Rxe5 (21. Nf3 $19 Rfd8 22. Qb3 Nh3+ 23. Kf1) 21... Rce8 {Black mates.} 22. f3 Nh3+ 23. Kg2 {[#]} Qd4 $1 {[%csl Gh3][%cal Rd4g1][%mdl 512]} 24. Rxf5 {[#]} Nf4+ $1 {[%mdl 512]} 25. Rxf4 Re2+ 26. Kh3 {[#]} Qg1 $1 {[%csl Gg1][%cal Re2h2][%mdl 512]} 27. Kh4 Qxh2+ {Accuracy: White = 26%, Black = 73%.} 0-1

[Event "35th European Club Cup 2019"]
[Site "Ulcinj"]
[Date "2019.11.14"]
[Round "5.36"]
[White "Kovalev, Vladislav"]
[Black "Goldstern, Filip"]
[Result "1-0"]
[WhiteElo "2674"]
[BlackElo "2279"]
[Annotator "TA"]
[PlyCount "80"]
[EventDate "2019.11.10"]
[EventType "team-tourn"]
[EventCountry "MNE"]
[SourceTitle "playchess.com"]
[Source "ChessBase"]
[SourceQuality "1"]
[WhiteTeam "Alkaloid"]
[BlackTeam "Zurich SG"]

{[%evp 9,80,16,35,42,41,33,40,30,31,0,11,24,26,-10,-10,-14,-15,-20,-33,-25,-18,-22,-25,-16,-18,-23,0,0,0,0,-6,-38,-31,-23,-39,-32,-27,-27,-21,-25,-20,-25,-20,-30,-28,-43,-6,-2,-8,-3,152,147,153,140,156,141,161,147,247,218,233,185,231,76,68,73,236,244,497,497,556,537,1139]} 1. e4 c5 2. Nc3 Nc6 3. Bb5 Nd4 4. Nf3 Nxb5 5. Nxb5 d5 (5... d6 6. d4 Nf6 7. Qd3 a6 8. Nc3 cxd4 9. Nxd4 e6 10. Bg5 Be7 11. O-O-O Qc7 12. f4 b5 13. a3 O-O 14. h4 {½-½ (31) Safarli,E (2681)-Tabatabaei,M (2590) Bandar e Anzali 2019}) 6. exd5 {B23: Closed Sicilian: Lines without g3} a6 7. Nc3 Nf6 8. O-O {White is slightly better.} Nxd5 9. Re1 $146 ({Predecessor:} 9. Ne4 e6 10. d4 cxd4 11. Qxd4 Qb6 12. Qxb6 Nxb6 13. Rd1 {1-0 (43) Jovanovic,Z (2547)-Danner,G (2334) Wolfsberg 2014}) 9... Nxc3 10. bxc3 e6 11. Ne5 Bd6 12. a4 O-O 13. Qe2 b6 14. d3 Bb7 15. Bf4 Qc7 16. Bg3 b5 17. Ng4 Qc6 {[%csl Gb7][%cal Rc6g2] [#]} 18. f3 Be7 19. Ne5 Qc8 20. Reb1 f6 21. Ng4 Qd7 22. Ne3 e5 ({Much worse is} 22... bxa4 $6 23. Nc4 $14) 23. Qe1 Bd6 24. Bf2 f5 25. axb5 axb5 26. Rxa8 Bxa8 27. Ra1 e4 28. fxe4 fxe4 29. d4 b4 $2 (29... Rc8 $11) 30. dxc5 $16 Bxc5 31. cxb4 Bb6 32. c4 Bb7 33. Rd1 Qc6 (33... Qa4 $16 {was necessary.} 34. c5 Bd8) 34. c5 $18 {Strongly threatening Rd6.} Bd8 35. Qd2 {aiming for Qa2+.} Bg5 36. Qd5+ $2 (36. h4 $18 {has better winning chances.} Bf4 37. Qd5+ Kh8 {[#]} 38. Qd8 $1 {[%mdl 512]}) 36... Qxd5 $16 37. Nxd5 {Threatens to win with b5.} Rb8 $2 (37... Rd8 $16 {is a better defense.} 38. Nc3 Rxd1+ 39. Nxd1 Bc6) 38. h4 $18 Bxd5 $2 (38... e3) 39. Rxd5 e3 40. Bg3 ({Less strong is} 40. Rxg5 exf2+ 41. Kxf2 Rxb4 $16) 40... Rd8 {Accuracy: White = 66%, Black = 39%.} 1-0

[Event "35th European Club Cup 2019"]
[Site "Ulcinj"]
[Date "2019.11.15"]
[Round "6.1"]
[White "Dominguez Perez, Leinier"]
[Black "Rapport, Richard"]
[Result "1/2-1/2"]
[WhiteElo "2762"]
[BlackElo "2752"]
[Annotator "TA"]
[PlyCount "170"]
[EventDate "2019.11.10"]
[EventType "team-tourn"]
[EventCountry "MNE"]
[SourceTitle "playchess.com"]
[Source "ChessBase"]
[SourceQuality "1"]
[WhiteTeam "Mednyi Vsadnik"]
[BlackTeam "Padova"]

{[%evp 13,170,28,43,20,24,32,26,18,16,10,14,15,31,27,35,29,28,24,34,37,21,22,29,26,23,16,25,23,27,0,0,0,26,15,34,43,45,30,26,27,32,25,21,23,68,68,68,68,68,68,74,42,68,68,68,68,68,68,68,68,103,103,103,68,68,68,68,68,68,68,68,68,68,68,68,68,68,68,68,68,68,68,68,68,68,68,68,68,68,68,68,0,68,0,68,68,68,8,36,36,36,36,36,36,36,0,0,0,36,36,36,36,36,36,50,32,32,32,32,21,21,0,50,36,36,36,36,36,43,36,50,43,50,50,50,50,50,43,43,43,43,0,0,0,50,50,50,50,50,50,50,50,50,0,50,0,45,0,50]} 1. e4 e5 2. Nf3 Nc6 3. Bc4 Nf6 4. d3 Be7 5. O-O O-O 6. Re1 d6 7. a4 h6 8. Nc3 {C55: Two Knights: 4 d3, 4 d4 exd4 5 e5 and Max Lange Attack} (8. c3 a6 9. Nbd2 Be6 10. Qc2 Qd7 11. b4 Nh7 12. Bxe6 fxe6 13. Bb2 b6 14. b5 axb5 15. axb5 Na5 16. c4 {½-½ (54) So,W (2812)-Ivanchuk,V (2738) Leuven 2017}) 8... Na5 9. Ba2 c5 10. Nd5 {White has an edge.} Nxd5 11. Bxd5 Nc6 $146 ({Predecessor:} 11... Qc7 12. c3 Nc6 13. Bd2 Bf6 14. h3 Bd7 15. Nh2 Qd8 {1-0 (43) Jovanovic,Z (2516)-Hartl,D (2275) Austria 2013}) 12. c3 Bf6 13. Be3 Re8 14. b4 cxb4 15. Qb3 Be6 16. Bxe6 Rxe6 17. cxb4 Ne7 18. Rac1 d5 19. Bc5 Qd7 20. Bxe7 Rxe7 21. Rc5 dxe4 22. dxe4 Rd8 23. g3 Qd3 24. Rc3 Qd6 25. Kg2 Rc7 26. Rec1 Rxc3 27. Rxc3 g6 28. Rc5 a6 29. Qc4 Kg7 30. b5 axb5 31. Qxb5 Qd7 32. Qc4 Qd3 33. Nxe5 Bxe5 34. Qxd3 Rxd3 35. Rxe5 $14 {[%mdl 4096] Endgame KR-KR} Rd4 36. a5 b6 37. axb6 {[#] Hoping for Rb5.} Rb4 38. h4 h5 39. Kf3 (39. Rg5 {looks sharper.} Rxb6 40. Kf3 Rb3+ 41. Kf4 Ra3 42. Rb5) 39... Rxb6 40. Rd5 Rb2 41. Ke3 Rb3+ 42. Rd3 Rb2 43. Rd2 Rb4 44. Kf4 Ra4 45. Rc2 Kf6 46. Re2 Kg7 47. Rb2 Kf6 48. Rb7 Kg7 49. Rd7 Ra2 50. Ke3 Ra3+ 51. Rd3 Ra4 52. Rd2 (52. Kf4 $14) 52... Ra3+ ({Black should try} 52... Rb4 $11) 53. Kf4 Ra4 $1 54. f3 Ra1 55. g4 ({Better is} 55. Rd3 $14) 55... hxg4 56. Kxg4 Rg1+ 57. Kf4 Rh1 58. Kg3 Rg1+ 59. Kf4 Rh1 60. Kg3 Rg1+ 61. Rg2 Rh1 62. Rh2 Rg1+ 63. Kf4 Kh6 64. Ke5 {Black must now prevent Kf6.} Rf1 65. Rh3 {And now Kf6 would win.} Kg7 66. Kf4 Kh6 67. Rh2 Rg1 68. Rc2 Rh1 69. Kg3 Rg1+ 70. Kh2 Rf1 71. Kg2 Re1 72. Rc5 Re2+ 73. Kg3 Re1 74. Rc7 Kg7 75. Re7 Rg1+ 76. Kh2 Rf1 77. Kg3 Rg1+ 78. Kh2 Rf1 79. Kg2 Re1 80. Ra7 Re2+ 81. Kg3 Re1 82. Ra2 Rg1+ 83. Rg2 Rh1 84. Rh2 Rg1+ 85. Kf4 Kh6 {Accuracy: White = 57%, Black = 74%.} 1/2-1/2

[Event "35th European Club Cup 2019"]
[Site "Ulcinj"]
[Date "2019.11.15"]
[Round "6.1"]
[White "Efimenko, Zahar"]
[Black "Noe, Christopher"]
[Result "1/2-1/2"]
[WhiteElo "2601"]
[BlackElo "2533"]
[Annotator "ChessBase"]
[PlyCount "62"]
[EventDate "2019.11.10"]
[EventType "team-tourn"]
[EventCountry "MNE"]
[SourceTitle "playchess.com"]
[Source "ChessBase"]
[SourceQuality "1"]
[WhiteTeam "Beer Sheva"]
[BlackTeam "De Sprenger Echternach"]
[TimeControl "40/5400+30:1800+30"]

1. Nf3 {[%emt 0:00:12]} Nf6 {[%emt 0:00:00]} 2. g3 {[%emt 0:00:13]} g6 {[%emt 0:01:50]} 3. Bg2 {[%emt 0:02:07]} Bg7 {[%emt 0:00:07]} 4. O-O {[%emt 0:04:49]} O-O {[%emt 0:00:05]} 5. c4 {[%emt 0:00:27]} c6 {[%emt 0:00:43]} 6. d4 {[%emt 0:00:28]} d5 {[%emt 0:00:06]} 7. b3 {[%emt 0:00:26]} a5 {[%emt 0:05:38]} 8. Nc3 {[%emt 0:01:16]} Ne4 {[%emt 0:00:45]} 9. Bb2 {[%emt 0:00:23]} Bf5 {[%emt 0:25:08]} 10. e3 {[%emt 0:01:00]} Nxc3 {[%emt 0:02:10]} 11. Bxc3 {[%emt 0:00:06]} Be4 {[%emt 0:00:57]} 12. Qe2 {[%emt 0:01:19]} e6 {[%emt 0:01:51]} 13. Rfc1 {[%emt 0:03:19]} Qb6 {[%emt 0:11:08]} 14. Bf1 {[%emt 0:07:59]} Bxf3 {[%emt 0:00:31]} 15. Qxf3 {[%emt 0:00:05]} Nd7 {[%emt 0:00:40]} 16. Rab1 {[%emt 0:01:32]} Rfc8 {[%emt 0:00:29]} 17. a4 {[%emt 0:06:23]} Bf8 {[%emt 0:01:59]} 18. cxd5 {[%emt 0:11:06]} cxd5 {[%emt 0:02:02]} 19. Bb5 {[%emt 0:01:27]} Rc7 {[%emt 0:08:48]} 20. Bd2 {[%emt 0:15:36]} Ba3 {[%emt 0:12:23]} 21. Rxc7 {[%emt 0:04:05]} Qxc7 {[%emt 0:00:04]} 22. Qd1 {[%emt 0:01:41]} Nb8 {[%emt 0:01:41]} 23. Ra1 {[%emt 0:01:49]} Bd6 {[%emt 0:00:04]} 24. Rc1 {[%emt 0:12:45]} Nc6 {[%emt 0:00:04]} 25. Qc2 {[%emt 0:01:08]} Ba3 {[%emt 0:03:29]} 26. Ra1 {[%emt 0:00:10]} Bd6 {[%emt 0:00:05]} 27. Bxc6 {[%emt 0:03:30]} Ra6 {[%emt 0:04:46]} 28. Qd1 {[%emt 0:03:43]} Rxc6 {[%emt 0:00:17]} 29. Rc1 {[%emt 0:00:21]} Rxc1 {[%emt 0:00:14]} 30. Qxc1 {[%emt 0:00:16]} Qxc1+ {[%emt 0:00:06]} 31. Bxc1 {[%emt 0:00:03]} Bb4 {[%emt 0:00:25]} 1/2-1/2

[Event "35th European Club Cup 2019"]
[Site "Ulcinj"]
[Date "2019.11.15"]
[Round "6.1"]
[White "Pijpers, Arthur"]
[Black "Indjic, Aleksandar"]
[Result "1/2-1/2"]
[WhiteElo "2473"]
[BlackElo "2646"]
[Annotator "TA"]
[PlyCount "80"]
[EventDate "2019.11.10"]
[EventType "team-tourn"]
[EventCountry "MNE"]
[SourceTitle "playchess.com"]
[Source "ChessBase"]
[SourceQuality "1"]
[WhiteTeam "LSG IntelliMagic"]
[BlackTeam "Itaka"]

{[%evp 9,80,18,9,4,26,14,3,-2,14,16,5,13,16,5,15,-7,-15,-35,8,0,56,64,70,60,67,42,61,56,124,24,78,81,135,132,142,141,121,120,141,143,470,454,576,246,256,283,1158,1011,929,923,1458,543,543,543,532,530,536,523,522,529,514,503,626,617,617,617,704,687,795,750,889,870,804]} 1. e4 e5 2. Nf3 Nc6 3. Bb5 g6 4. d4 exd4 5. c3 dxc3 (5... Nge7 6. cxd4 d5 7. exd5 Nxd5 8. O-O Bg7 9. Bxc6+ bxc6 10. Bg5 Qd6 11. Re1+ Be6 12. Nbd2 O-O 13. Ne4 Qb4 14. Qc1 Rfe8 15. Bd2 Qb6 16. Nc5 Bf5 17. Ne5 Rad8 18. h3 Nf6 19. Nb3 Rd5 20. Nxc6 Rxe1+ 21. Bxe1 Bf8 22. Ne5 {1-0 (46) Naiditsch,A (2721)-Nakamura,H (2763) Douglas 2018}) 6. Nxc3 {C60: Ruy Lopez: Unusual Black 3rd moves and 3...g6} h6 7. O-O Bg7 8. Be3 {The position is equal.} Nge7 9. Qd2 d6 10. Rac1 $146 ({Predecessor:} 10. Rfe1 a6 11. Ba4 Kf8 12. h3 Kg8 {½-½ (35) Blomqvist,E (2506)-Sandipan,C (2619) Barcelona 2014}) 10... Bd7 11. Be2 a6 12. Rb1 Be6 13. b4 {[%cal Bb2b4,Bb4b5][%mdl 32]} f5 (13... d5 $5 {[%cal Rd5d4]} 14. Rfd1 dxe4 $15) 14. a4 Ne5 (14... fxe4 $11 15. Nd4 Nxd4 16. Bxd4 Bxd4 17. Qxd4 O-O 18. Nxe4 Nf5) 15. Nd4 $36 {[%mdl 2048] White is more active.} Bf7 16. exf5 gxf5 17. Rfc1 Qd7 18. b5 {[%mdl 1024] White has compensation.} a5 (18... d5 $14) 19. Nf3 (19. b6 $1 $16 {[%cal Rb6c7] bxc7 is the strong threat.} c6 20. Ncb5) 19... N5g6 (19... Qe6 $11 {remains equal.}) 20. Re1 Rg8 ({Black should try} 20... Ne5) 21. Bd4 $16 Ne5 22. Rbd1 $1 {Hoping for Bxe5.} Qe6 23. Nxe5 dxe5 24. Bc5 {aiming for Bf3.} Bf6 $2 {[%mdl 8192] [#]} (24... e4 $16 {is a better chance.}) 25. Bf3 $1 $18 Qc8 26. Nd5 (26. b6 $142) 26... Nxd5 27. Bxd5 c6 $2 (27... Bxd5 28. Qxd5 Rg6) 28. bxc6 {White is clearly winning.} bxc6 29. Bf3 Qe6 30. Qd6 (30. Qxh6 $142 e4 {[#]} 31. Rd6 $1 {[%mdl 512]}) 30... e4 {[#]} 31. Bxe4 $1 {[%cal Re4c6][%mdl 512]} Qxd6 (31... fxe4 32. Rxe4) 32. Bxc6+ {[%mdl 64] Double Attack} ({Weaker is} 32. Bxd6 fxe4 33. Rxe4+ Kd7 $11) 32... Kf8 33. Bxd6+ Kg7 34. Bxa8 Rxa8 35. Be5 Rc8 36. Bxf6+ Kxf6 37. Rd6+ Kg7 38. Ra6 Rc5 39. h3 f4 40. Re7 Rf5 {[%mdl 32768] Accuracy: White = 68%, Black = 35%. . An unexpected result.} 1/2-1/2

[Event "35th European Club Cup 2019"]
[Site "Ulcinj"]
[Date "2019.11.15"]
[Round "6.1"]
[White "Pijpers, Arthur"]
[Black "Indjic, Aleksandar"]
[Result "*"]
[WhiteElo "2473"]
[BlackElo "2646"]
[Annotator "TA"]
[PlyCount "23"]
[EventDate "2019.11.10"]
[EventType "team-tourn"]
[EventCountry "MNE"]
[SourceTitle "playchess.com"]
[Source "ChessBase"]
[SourceQuality "1"]
[WhiteTeam "LSG IntelliMagic"]
[BlackTeam "Itaka"]

{[%evp 9,23,0,0,10,34,0,5,0,5,10,18,11,15,16,18,-13]} 1. e4 e5 2. Nf3 Nc6 3. Bb5 g6 4. d4 exd4 5. c3 dxc3 (5... Nge7 6. cxd4 d5 7. exd5 Nxd5 8. O-O Bg7 9. Bxc6+ bxc6 10. Bg5 Qd6 11. Re1+ Be6 12. Nbd2 O-O 13. Ne4 Qb4 14. Qc1 Rfe8 15. Bd2 Qb6 16. Nc5 Bf5 17. Ne5 Rad8 18. h3 Nf6 19. Nb3 Rd5 20. Nxc6 Rxe1+ 21. Bxe1 Bf8 22. Ne5 {1-0 (46) Naiditsch,A (2721)-Nakamura,H (2763) Douglas 2018}) 6. Nxc3 {C60: Ruy Lopez: Unusual Black 3rd moves and 3...g6} h6 7. O-O {[%mdl 1024] White has compensation.} Bg7 {The position is equal.} 8. Be3 Nge7 9. Qd2 d6 10. Rac1 $146 ({Predecessor:} 10. Rfe1 a6 11. Ba4 Kf8 12. h3 Kg8 {½-½ (35) Blomqvist,E (2506)-Sandipan,C (2619) Barcelona 2014}) 10... Bg4 11. Be2 a6 12. Rb1 *

[Event "35th European Club Cup 2019"]
[Site "Ulcinj"]
[Date "2019.11.15"]
[Round "6.1"]
[White "Leenhouts, Koen"]
[Black "Abasov, Nijat"]
[Result "0-1"]
[WhiteElo "2424"]
[BlackElo "2655"]
[Annotator "TA"]
[PlyCount "88"]
[EventDate "2019.11.10"]
[EventType "team-tourn"]
[EventCountry "MNE"]
[SourceTitle "playchess.com"]
[Source "ChessBase"]
[SourceQuality "1"]
[WhiteTeam "HWP Sas van Gent"]
[BlackTeam "Feffernitz"]

{[%evp 12,108,9,10,17,22,21,23,20,0,0,0,0,0,0,0,0,-4,0,-16,0,0,0,0,0,-3,-3,-3,-7,-6,-7,-7,-6,0,-4,-14,-7,-16,-4,-6,-4,-4,-5,-3,-3,-4,20,-3,-3,-3,-3,-3,-3,-6,0,0,0,-61,-14,-102,-102,-102,-102,-109,-109,-102,-109,-109,-102,-783,-702,-5704,-4778,-29940,-29949,-29946,-6629,-29943,-29941,-6613,-12262,-29964,-29966,-29965,-29965,-29965,-29965,-29966,-29967,-29966,-29965,-29965,-29967,-29964,-5069,-5069,-29963,-4627,-4618]} 1. d4 Nf6 2. c4 e6 3. Nc3 Bb4 4. Qc2 d5 5. cxd5 exd5 6. Bg5 O-O 7. e3 Re8 {E35: Nimzo-Indian: Classical: 4...d5 5 cxd5 exd5} 8. Nf3 (8. Bd3 h6 9. Bxf6 Qxf6 10. Qa4 Bxc3+ 11. bxc3 c6 12. Ne2 Bf5 13. Bxf5 Qxf5 14. c4 Nd7 15. cxd5 Qxd5 {½-½ (42) Nakamura,H (2754)-Anand,V (2767) Zagreb 2019}) 8... h6 9. Bh4 c5 {White has an edge.} 10. Bb5 $146 ({Predecessor:} 10. dxc5 Bg4 11. Be2 Nbd7 12. O-O g5 13. Bg3 Rc8 14. c6 bxc6 15. Ba6 Bxf3 16. Bxc8 Qxc8 17. gxf3 {1-0 (50) Schekachikhin,M (2403)-Saveliev,A (2354) St Petersburg 2018}) 10... Bd7 {Threatens to win with ...Bxb5.} 11. Bxf6 Qxf6 12. Bxd7 Nxd7 13. O-O Bxc3 14. bxc3 Qc6 15. Qf5 c4 16. a4 g6 17. Qf4 Kg7 18. Ne5 Nxe5 19. dxe5 Qe6 20. Rfb1 Rab8 21. Rb5 Qxe5 22. Qxe5+ Rxe5 $11 {[%mdl 4096] Endgame KRR-KRR} 23. Rab1 b6 24. a5 Kf6 25. Kf1 Rd8 26. axb6 axb6 27. Rxb6+ Re6 28. Rb7 Rdd6 29. R1b5 Re7 30. Rxe7 Kxe7 {KR-KR} 31. Ke2 Ke6 32. Rc5 f5 33. Ra5 Rb6 34. h4 (34. Ra8 $11) 34... g5 35. Kf3 (35. Ra8 $11 {keeps the balance.}) 35... Ke5 $17 36. hxg5 hxg5 37. g4 fxg4+ 38. Kxg4 Rb2 $1 39. f3 Rg2+ $1 40. Kh5 $2 {[%mdl 8192]} (40. Kh3 $17 Rc2 41. Ra3) 40... Rg3 $19 41. e4 Rxf3 42. Rxd5+ Kxe4 43. Rd4+ Kf5 {( -> ...Rh3+)} 44. Rd5+ {[#]} Kf6 {Played: Kf5-e6} 0-1